All World Heavyweight Champions (WWE) - Statistics

General Stats
  • This quiz has been taken 357 times
  • The average score is 53 of 61
Answer Stats
Hint Answer % Correct
Summerslam 2004 Randy Orton
97%
Smackdown Randy Orton
97%
Summerslam 2011 Randy Orton
97%
TLC 2013 Randy Orton
97%
Raw Triple H
97%
Armageddon 2002 Triple H
97%
Armageddon 2003 Triple H
97%
Unforgiven 2004 Triple H
97%
New Years Revolution 2005 Triple H
97%
WrestleMania 21 Batista
96%
Survivor Series 2006 Batista
96%
Unforgiven 2007 Batista
96%
Cyber Sunday 2008 Batista
96%
Survivor Series 2008 John Cena
96%
WrestleMania 25 John Cena
96%
Hell in a Cell 2013 John Cena
96%
WrestleMania 23 Undertaker
95%
WrestleMania 24 Undertaker
95%
Hell in a Cell 2009 Undertaker
95%
Smackdown Edge
94%
Armageddon 2007 Edge
94%
One Night Stand 2008 Edge
94%
No Way Out 2009 Edge
94%
Backlash 2009 Edge
94%
TLC 2010 Edge
94%
Smackdown Edge
94%
Money in the Bank 2010 Kane
94%
Raw CM Punk
93%
Extreme Rules 2009 CM Punk
93%
Summerslam 2009 CM Punk
93%
Survivor Series 2002 Shawn Michaels
93%
WrestleMania 20 Chris Benoit
92%
WrestleMania 22 Rey Mysterio
92%
Fatal 4 Way 2010 Rey Mysterio
92%
TLC 2011 Daniel Bryan
91%
Smackdown Alberto Del Rio
90%
Payback 2013 Alberto Del Rio
90%
TLC 2011 Big Show
90%
Hell in a Cell 2012 Big Show
90%
WrestleMania 28 Sheamus
90%
Unforgiven 2008 Chris Jericho
89%
Raw Chris Jericho
89%
Elimination Chamber 2010 Chris Jericho
89%
Night of Champions 2011 Mark Henry
89%
Extreme Rules 2011 Christian
87%
Money in the Bank 2011 Christian
87%
Extreme Rules 2009 Jeff Hardy
87%
Night of Champions 2009 Jeff Hardy
87%
Smackdown Dolph Ziggler
85%
Raw Dolph Ziggler
85%
Smackdown Jack Swagger
84%
Smackdown Kurt Angle
83%
Unforgiven 2003 Goldberg
79%
Smackdown The Great Khali
78%
The Great American Bash 2006 King Booker
77%
Raw Vacant
42%
Smackdown Vacant
42%
Smackdown Vacant
42%
Smackdown Vacant
42%
Smackdown Vacant
42%
Smackdown Vacant
42%
No matching quizzes found
Score Distribution
Percent of People with Each Score
Percentile by Number Answered
Your Score History
You have not taken this quiz